|
|
|
|
| LEADER |
00000ny a22000003n 4500 |
| 005 |
20110609123456.0 |
| 008 |
071203s2006 sp 000 0 spa d |
| 035 |
|
|
|a 714
|
| 040 |
|
|
|a UCN
|d vLex
|
| 090 |
|
|
|c 607
|d 607
|
| 100 |
1 |
|
|a Gm̤ez Martn̕, Fernando
|
| 245 |
1 |
3 |
|a La prueba pericial contable y la Administracin̤ Judicial
|h [Recurso electrn̤ico]
|c Fernando Gm̤ez Martn̕
|
| 256 |
|
|
|a Servicio en ln̕ea
|
| 260 |
|
|
|a [Barcelona] :
|b Cedecs,
|c 2006
|
| 300 |
|
|
|a p. ;
|c cm
|
| 506 |
1 |
|
|a Contenido solo disponible en los productos indicados
|d vLex Global
|d vLex Global (Academic Edition, excluding Law Schools)
|d vLex Global (U.S. Academic Edition, Law Schools)
|d vLex Global (U.S. Academic Edition, excluding Law Schools)
|d vLex Global (Academic Edition, Law Schools)
|
| 650 |
0 |
7 |
|a Prueba
|2 Tesauro vLex
|
| 650 |
0 |
7 |
|a Procesal
|2 Tesauro vLex
|
| 650 |
0 |
7 |
|a Administrativo
|2 Tesauro vLex
|
| 650 |
0 |
7 |
|a Erro Odontolg̤ico
|2 Tesauro vLex
|
| 650 |
0 |
7 |
|a Medios de prueba
|2 Tesauro vLex
|
| 650 |
0 |
7 |
|a Prueba pericial
|2 Tesauro vLex
|
| 740 |
0 |
|
|a vLex Libros (Servicios en ln̕ea)
|
| 856 |
4 |
0 |
|u http://vlex.com/source/714
|z Acceso restringido
|
| 942 |
|
|
|c BOOK
|
| 999 |
0 |
|
|a Procedure (Law)
|b Barcelona
|